Statistics for Daily Country Riddle #36

Click here to take the quiz!

General Stats

  • This quiz has been taken 150 times
  • The average score is 11 of 17

Answer Stats

TypeAnswer% Correct
Found LetterA
100%
Found LetterI
94%
Found LetterR
86%
Found LetterT
86%
Correctly Placed LetterR
76%
Found LetterB
75%
Correctly Placed LetterI
75%
Found LetterK
64%
Correctly Placed LetterA
63%
Found LetterI
58%
Correctly Placed LetterI
53%
Correctly Placed LetterB
51%
Correctly Placed LetterI
51%
Found LetterI
51%
Correctly Placed LetterK
51%
Mystery CountryKiribati
51%
Correctly Placed LetterT
51%

Score Distribution

Percentile by Number Answered

Percent of People with Each Score

Your Score History

You have not taken this quiz